TEXTBOOK OF SURVEYING FORCOURSES OF ENGINEERING DEGREES, 5TH REVISED ED / (Record no. 21766)
[ view plain ]
| 000 -الفاتح | |
|---|---|
| حقل البيانات ثابتة الطول | 00510nam a2200181Ia 4500 |
| 008 - عناصر البيانات ثابتة الطول - معلومات عامة | |
| حقل البيانات ثابتة الطول | 140319s9999 xx 000 0 eng d |
| 040 ## - مصدر الفهرسة | |
| وكالة الفهرسة الأصلية | GCL / |
| وكالة النسخ | GCL |
| 082 04 - رقم تصنيف ديوى العشرى | |
| رقم التصنيف | 526.9 |
| رقم المادة | H T |
| 100 1# - المدخل الرئيسى - إسم شخصى | |
| الإسم الشخصى | HUSAIN, S. K. |
| 245 10 - بيان العنوان | |
| العنوان | TEXTBOOK OF SURVEYING FORCOURSES OF ENGINEERING DEGREES, 5TH REVISED ED / |
| بيان المسئوليه,etc | HUSAIN, S. K. |
| 700 1# - المدخل الاضافى - اسم شخصى | |
| الإسم الشخصى | NAGARAJ, M. S. |
| 260 ## - PUBLICATION, DISTRIBUTION, ETC. (IMPRINT) | |
| تاريخ النشر أو التوزيع | 1992 |
| 300 ## - الوصف المادى | |
| التعداد | 661 P |
| 650 04 - المدخل الاضافى بالموضوع-مصطلح موضوعى | |
| مصطلح موضوعي | SURVERYING |
| 650 04 - المدخل الاضافى بالموضوع-مصطلح موضوعى | |
| مصطلح موضوعي | CHAIN SURVEYING |
| 942 ## - عناصر المدخل الإضافي( كوها) | |
| مصدر التصنيف او مخطط الترفيف | Dewey Decimal Classification |
| Koha [default] item type | كتاب |
| 260 ## - PUBLICATION, DISTRIBUTION, ETC. (IMPRINT) | |
| -- | [S.N] : |
| -- | S. CHAND & COMPANY LTD ، |
| حالة التراجع | حالة الفقد | حالة تلف | ليس للاعارة | المكان المؤقت | الموقع الحالى | تاريخ الاكتساب | اجمالي اﻻعارات | رقم الطلب | الباركود | تاريخ اخر مشاهدة | تاريخ تفعيل السعر | نوع وعاء كوها |
|---|---|---|---|---|---|---|---|---|---|---|---|---|
| مكتبة القاهرة الكبرى | مكتبة القاهرة الكبرى | 03/26/2014 | 526.9\H T | 39947 | 03/26/2014 | 03/26/2014 | كتاب |

